000 00864cam a2200253 a 4500
999 _c3987
_d3987
001 2977619
003 GBCCL
005 20241126110508.0
008 920727s1992 cau 000 0 eng
010 _a 92023577
020 _a0830715320
040 _aDLC
_cDLC
_dDLC
050 0 0 _aBS1430.4
_b.H395 1992
082 0 0 _a242.2
_220
_bHAY
100 1 _aHayford, Jack W.
_94419
245 1 4 _aThe heart of praise :
_bdaily ways to worship the Father with Psalms /
_cJack Hayford.
260 _aVentura, Calif., U.S.A. :
_bRegal Books,
_cc1992.
300 _a255 p. ;
_c19 cm.
630 0 0 _aBible.
_pPsalms
_xMeditations.
_97717
650 0 _aDevotional calendars.
_91878
906 _a7
_bcbc
_corignew
_d1
_eocip
_f19
_gy-gencatlg
942 _2ddc
_cBK
_03